Mechanics for engineers Statics / (رقم التسجيلة. 29111)
[ عرض عادي ]
| 000 -الفاتح | |
|---|---|
| حقل البيانات ثابتة الطول | 00915pam a2200301 a 4500 |
| 001 - رقم الضبط | |
| رقم الضبط | 4313475 |
| 003 - محدد رقم الضبط | |
| رقم الضبط | OSt |
| 005 - وقت وتاريخ اخر تعامل مع التسجيلة | |
| رقم الضبط | 20150408114127.0 |
| 008 - عناصر البيانات ثابتة الطول - معلومات عامة | |
| حقل البيانات ثابتة الطول | 870622s2013 nyua 001 0 eng |
| 010 ## - رقم ضبط مكتبة الكونجرس | |
| رقم ضبط مكتبة الكونجرس | 87018633 |
| 020 ## - الرقم الدولى المعيارى للكتب | |
| الرقم الدولى المعيارى للكتاب | 9789810692605 |
| 040 ## - مصدر الفهرسة | |
| وكالة الفهرسة الأصلية | Mu-au |
| وكالة النسخ | DLC |
| وكالة التعديل | DLC |
| 050 00 - رقم طلب مكتبة الكونجرس | |
| رقم التصنيف | TA350 |
| رقم المادة | .B3552 1988 |
| 082 00 - رقم تصنيف ديوى العشرى | |
| رقم التصنيف | 620.1 |
| رقم الطبعة | 23 |
| رقم المادة | HRM |
| 100 ## - المدخل الرئيسى - إسم شخصى | |
| الإسم الشخصى | Hibbeler, R. C. |
| 245 10 - بيان العنوان | |
| العنوان | Mechanics for engineers Statics / |
| بيان المسئوليه,etc | R. C. Hibbeler |
| 250 ## - بيان الطبعة | |
| بيان الطبعة | 30th ed. |
| 260 ## - PUBLICATION, DISTRIBUTION, ETC. (IMPRINT) | |
| مكان الناشر او الموزع | New York : |
| اسم الناشر او الموزع | Pearson, |
| تاريخ النشر أو التوزيع | 2013- |
| 300 ## - الوصف المادى | |
| التعداد | 598 p. : |
| تفاصيل ماديه اخرى للوعاء | ill. (some col.) ; |
| أبعاد الوعاء | 24 cm. |
| 500 ## - تبصرة عامة | |
| تبصرة عامة | Includes index. |
| 505 1# - تبصرة محتويات-الفهرس | |
| تبصرة المحتويات المصاغة | [1] Statics |
| 650 #0 - المدخل الاضافى بالموضوع-مصطلح موضوعى | |
| مصطلح موضوعي أو اسم جغرافي كعنصر مدخل | Mechanics, Applied. |
| 9 (RLIN) | 5685 |
| 650 #0 - المدخل الاضافى بالموضوع-مصطلح موضوعى | |
| مصطلح موضوعي أو اسم جغرافي كعنصر مدخل | Vector analysis. |
| 9 (RLIN) | 5928 |
| 650 #0 - المدخل الاضافى بالموضوع-مصطلح موضوعى | |
| مصطلح موضوعي أو اسم جغرافي كعنصر مدخل | Mechanics, Applied |
| التقسيم الفرعي العام | Problems, exercises, etc. |
| 9 (RLIN) | 34421 |
| 700 1# - المدخل الاضافى - اسم شخصى | |
| الإسم الشخصى | Johnston, E. Russell |
| الشكل الأكمل للاسم | (Elwood Russell), |
| التواريخ المصاحبة للاسم | 1925- |
| 9 (RLIN) | 34422 |
| 906 ## - عنصر بيانات محلى F, LDF (RLIN) | |
| a | 7 |
| b | cbc |
| c | orignew |
| d | 1 |
| e | ocip |
| f | 19 |
| g | y-gencatlg |
| 942 ## - عناصر المدخل الإضافي( كوها) | |
| مصدر التصنيف او مخطط الترفيف | Dewey Decimal Classification |
| Koha [default] item type | كتاب |
| حالة الفقد | نموذج السعر الفعال | حالة تلف | ليس للاعارة | رقم الطلب | رقم النسخة | تاريخ الاكتساب | الموقع الحالي | الباركود | الفرع الرئيسي | Date last seen | نوع المادة فى نظام كوها | مصدر التصنيف او خطة الترفيف | Total Checkouts | Date last checked out | مُعار |
|---|---|---|---|---|---|---|---|---|---|---|---|---|---|---|---|
| 2014-10-22 | 620.1 HRM | V. 1 | 2014-10-22 | المكتبة المركزية بالمجمعة (CL) | 00405217 | المكتبة المركزية بالمجمعة (CL) | 2014-10-22 | كتاب | Dewey Decimal Classification | ||||||
| 2014-10-22 | 620.1 HRM | V. 1 | 2014-10-22 | المكتبة المركزية بالمجمعة (CL) | 00405218 | المكتبة المركزية بالمجمعة (CL) | 2022-09-07 | كتاب | Dewey Decimal Classification | 1 | 2022-09-07 | 2022-12-06 | |||
| 2014-10-22 | 620.1 HRM | V. 1 | 2014-10-22 | المكتبة المركزية بالمجمعة (CL) | 00405219 | المكتبة المركزية بالمجمعة (CL) | 2014-10-22 | كتاب | Dewey Decimal Classification | ||||||
| 2014-10-22 | 620.1 HRM | V. 2 | 2014-10-22 | المكتبة المركزية بالمجمعة (CL) | 00405220 | المكتبة المركزية بالمجمعة (CL) | 2014-10-22 | كتاب | Dewey Decimal Classification | ||||||
| 2014-10-22 | 620.1 HRM | V. 2 | 2014-10-22 | المكتبة المركزية بالمجمعة (CL) | 00405221 | المكتبة المركزية بالمجمعة (CL) | 2022-09-07 | كتاب | Dewey Decimal Classification | 1 | 2022-09-07 | 2022-12-06 | |||
| 2014-10-22 | 620.1 HRM | V. 2 | 2014-10-22 | المكتبة المركزية بالمجمعة (CL) | 00405222 | المكتبة المركزية بالمجمعة (CL) | 2014-10-22 | كتاب | Dewey Decimal Classification |
